000 00392 a2200157 4500
001 44880
020 _a8572084657
040 _cAnchieta - Aquarius
100 _aSchobesberger, Marcia Muraco
240 1 0 _aChapeuzinho Vermelho e o arco-íris
_lpor
245 1 0 _aChapeuzinho Vermelho e o arco-íris
300 _a23
362 0 _a2006
650 4 _aLiteratura infanto-juvenil
942 _cBK
999 _c44880
_d44880